LEADER 01511nam a2200337 a 4500 001 000000144014 003 CaOOAMICUS 005 20150611130536.0 008 150611s2001 it u000 u ita r 020 $z8815083766* 040 $aPUL$bita 082 04$a341.242 245 00$aCostituzionalizzare l'Europa ieri ed oggi /$cricerca dell'Istituto Luigi Sturzo ; a cura di Ugo De Siervo. 260 $aBologna :$bIl Mulino,$c©2001. 300 $a350 p. ;$c22 cm 490 1 $aVerso la Costituzione europea 500 $aIn testa al front.: Fondazione Cassa di risparmio delle provincie lombarde. 504 $aBibliografia in nota. 610 14$aUnione europea$xOrdinamento.$0(OLS)http://pul/subject/23165 700 1 $aDe Siervo, Ugo.$0(OLS)http://pul/name/28617 710 2 $aFondazione Cassa di risparmio delle provincie lombarde.$0(OLS)http://pul/name/89686 710 2 $aIstituto Luigi Sturzo.$0(OLS)http://pul/name/70661 830 0$aVerso la Costituzione europea.$0(OLS)http://pul/title/176054 850 $aPUL 852 $aPUL$W1$xSL Diritto e Scienze Sociali 3$y79$m341. 242 COLL 1.1$j166058$qDDC 21$B166549$CPULBib$Z2$F166549 $H126090 $82 941 1 $a9 996 $6020$z8815083766*$9(OLS)http://pul/number/157869 996 $6082$a341.242$9(OLS)http://pul/classification/1917 996 $6245$aCostituzionalizzare l'Europa ieri ed oggi$9(OLS)http://pul/title/182208 996 $6260$aBologna :$bIl Mulino$9(OLS)http://pul/publisher/47928 LEADER 01809nam a2200361 u 4500 001 000000047419 003 CaOOAMICUS 005 20070226114901.0 008 991004s1999 it h u000 u ger u 020 $a8879610309 035 $a10833658 040 $aIPA$bita$dBAV 100 1 $aSchneider, Athanasius.$0(OLS)http://pul/name/34464 245 11$a"Propter sanctam ecclesiam suam" :$bdie Kirche als Geschöpf, Frau und Bau im Bussunterricht des Pastor Hermae /$cAthanasius Schneider. 260 $aRoma :$bInstitutum Patristicum Augustinianum,$c1999. 300 $a590 p., [1] c. di tav. :$bant. (facs.) ;$c24 cm 490 1 $aStudia ephemeridis "Augustinianum" ;$v67 502 $aDiss. -- Istituto Patristico Augustinianum, 1997. 504 $a"Bibliographie": p. [485]-540. 600 04$aHermas,$dsec. II.$0(OLS)http://pul/subject/7389 650 0$aChurch$xHistory of doctrines$yEarly church, ca. 30-600.$2//eng$0(OLS)http://pul/subject/15688 710 2 $aIstituto patristico Augustinianum.$0(OLS)http://pul/name/577 830 0$aStudia ephemeridis Augustinianum ;$v67.$0(OLS)http://pul/title/713 850 $aPUL 852 $aPUL$W1$xSL Religione 1$y3$m21 A 67$j63370$nBK-PRI$b $qStampati$B63370$CPULBib$Z2$F63370 $HPUL94568 $81 910 $aInstitutum patristicum Augustinianum$9577 910 $aPontificia Università Lateranense. $bIstituto Patristico Augustinianum$9577 910 $aAugustinianum$9577 941 1 $a8 983 0$aSEA. 996 $6020$a8879610309$9(OLS)http://pul/number/59206 996 $6245$a"Propter sanctam ecclesiam suam" :$bdie Kirche als Geschöpf, Frau und Bau im Bussunterricht des Pastor Hermae$9(OLS)http://pul/title/63835 996 $6260$aRoma :$bInstitutum Patristicum Augustinianum$9(OLS)http://pul/publisher/48165